Kartkówka z Matematyki - Statystyki

Ogólne statystyki
  • Ten quiz został rozwiązany 87 razy
    24 od ostatniego zresetowania
  • Średni wynik to 11 z 12
Statystyki odpowiedzi
Która klasa Odpowiedź % Poprawnych
1 klasa 3-1 2
100%
3 klasa 3X9 27
100%
1 klasa 2+1= 3
100%
3 klasa 124+341 465
100%
2 klasa 23+24 47
100%
2 klasa 71-21 50
100%
1 klasa 1+5 6
100%
3 klasa 48:8 6
100%
2 klasa 19+41 60
100%
4 klasa 76X3 228
83%
4 klasa 18+(83-47)X4 162
65%
4 klasa 23X17 391
57%
Nie znaleziono quizów pasujących do podanych kryteriów
Rozkład punktacji
Procent ludzi z każdym wynikiem
Percentyl według liczby udzielonych odpowiedzi
Twoja historia wyników
Nie rozwiązałeś tego quizu od ostatniego zresetowania